[Event "Malyszko mem corr"]
[Site "Poland"]
[Date "1992.??.??"]
[Round "?"]
[White "Kozlowski, Waldemar"]
[Black "Rosikiewicz, Wieslaw"]
[Result "1/2-1/2"]
[WhiteElo "2000"]
[BlackElo "1800"]
[PlyCount "59"]
[EventDate "1992.??.??"]
[EventType "tourn (corr)"]
[EventRounds "6"]
[EventCountry "POL"]
[SourceTitle "Corr 2006"]
[Source "ChessBase"]
[SourceDate "2006.04.01"]
[SourceVersion "3"]
[SourceVersionDate "2006.04.01"]
[SourceQuality "1"]

1. b4 e5 2. Bb2 d6 3. c4 g6 4. e3 Bg7 5. Nf3 Ne7 6. Be2 0-0 7. d4 exd4 8. Bxd4 Nd7 9. Bxg7 Kxg7 10. 0-0 Nc6 11. a3 a5 12. Nc3 axb4 13. axb4 Rxa1 14. Qxa1 f6 15. Nd5 Nde5 16. Nd4 Ne7 17. Nf4 Kf7 18. e4 c6 19. Rd1 g5 20. Nh5 N7g6 21. Qa7 Kg8 22. Nf5 Bxf5 23. exf5 Nh4 24. Ng3 Qe7 25. Qd4 Rd8 26. f4 Nf7 27. fxg5 fxg5 28. f6 Qe5 29. Qf2 Ng6 30. Bh5 1/2-1/2

[Event "Malyszko mem corr"]
[Site "Poland"]
[Date "1991.??.??"]
[Round "?"]
[White "Adamowski, Andrzej"]
[Black "Rosikiewicz, Wieslaw"]
[Result "0-1"]
[WhiteElo "2000"]
[BlackElo "1800"]
[PlyCount "46"]
[EventDate "1991.??.??"]
[EventType "tourn (corr)"]
[EventRounds "6"]
[EventCountry "POL"]
[SourceTitle "Corr 2006"]
[Source "ChessBase"]
[SourceDate "2006.04.01"]
[SourceVersion "3"]
[SourceVersionDate "2006.04.01"]
[SourceQuality "1"]

1. b4 e6 2. Bb2 Nf6 3. b5 c5 4. bxc6 Nxc6 5. Nf3 Be7 6. e3 0-0 7. Be2 Qb6 8. Ba3 Bxa3 9. Nxa3 d5 10. 0-0 a6 11. c4 dxc4 12. Nxc4 Qc7 13. d4 b5 14. Nce5 Nxe5 15. Nxe5 Bb7 16. Rc1 Qb6 17. Bf3 Rac8 18. Bxb7 Qxb7 19. Qf3 Qxf3 20. gxf3 Nd5 21. Nd7 Rfd8 22. Nc5 Rd6 23. Nxa6 Nc3 0-1